| 000 -LEADER |
| fixed length control field |
02505nam a2200289 a 4500 |
| 001 - CONTROL NUMBER |
| control field |
ASIN1118123670 |
| 003 - CONTROL NUMBER IDENTIFIER |
| control field |
OSt |
| 005 - DATE AND TIME OF LATEST TRANSACTION |
| control field |
20180116192422.0 |
| 008 - FIXED-LENGTH DATA ELEMENTS--GENERAL INFORMATION |
| fixed length control field |
140509s2013 xxu eng d |
| 020 ## - INTERNATIONAL STANDARD BOOK NUMBER |
| International Standard Book Number |
1118123670 (hardcover) |
| Terms of availability |
$85.00 |
| 020 ## - INTERNATIONAL STANDARD BOOK NUMBER |
| International Standard Book Number |
9781118123676 (hardcover) |
| 040 ## - CATALOGING SOURCE |
| Transcribing agency |
sada |
| 050 04 - LIBRARY OF CONGRESS CALL NUMBER |
| Classification number |
NA2540.5 |
| 082 04 - DEWEY DECIMAL CLASSIFICATION NUMBER |
| Classification number |
720.28 |
| 100 1# - MAIN ENTRY--PERSONAL NAME |
| Personal name |
LaGro, James A. |
| 9 (RLIN) |
7532 |
| 245 10 - TITLE STATEMENT |
| Title |
Site analysis : |
| Remainder of title |
informing context-sensitive and sustainable site planning and design / |
| Statement of responsibility, etc. |
James A. LaGro. |
| 250 ## - EDITION STATEMENT |
| Edition statement |
3rd ed. |
| 260 ## - PUBLICATION, DISTRIBUTION, ETC. |
| Place of publication, distribution, etc. |
[S.l.] : |
| Name of publisher, distributor, etc. |
Wiley, |
| Date of publication, distribution, etc. |
2013. |
| 300 ## - PHYSICAL DESCRIPTION |
| Extent |
384 p. ; |
| Dimensions |
24 cm. |
| 520 ## - SUMMARY, ETC. |
| Summary, etc. |
The process-oriented guide to context-sensitive site selection, planning, and design Sustainable design is responsive to context. And each site has a unique set of physical, biological, cultural, and legal attributes that presents different opportunities and constraints for alternative uses of the site. Site analysis systematically evaluates these on-site and off-site factors to inform the design of places—including neighborhoods and communities—that are attractive, walkable, and climate-resilient. This Third Edition of Site Analysis is fully updated to cover the latest topics in low-impact, location-efficient design and development. This complete, user-friendly guide: Blends theory andpractice from the fields of landscape architecture, urban planning, architecture, geography, and urban design Addresses important sustainability topics, including LEED-ND, Sustainable Sites, STAR community index, and climate adaptation Details the objectives and visualization methods used in each phase of the site planning and design process Explains the influence of codes, ordinances, and site plan approval processes on the design of the built environment Includes more than 200 illustrations and eight case studies of projects completed by leading planning and design firms Site Analysis, Third Edition is the ideal guide for students taking courses in site analysis, site planning, and environmental design. New material includes review questions at the end of each chapter for students as well as early-career professionals preparing for the ARE, LARE, or AICP exams. |
| 650 #0 - SUBJECT ADDED ENTRY--TOPICAL TERM |
| Topical term or geographic name entry element |
Building sites--Environmental aspects |
| 9 (RLIN) |
7533 |
| 650 #0 - SUBJECT ADDED ENTRY--TOPICAL TERM |
| Topical term or geographic name entry element |
Building sites--Planning |
| 9 (RLIN) |
7534 |
| 650 #0 - SUBJECT ADDED ENTRY--TOPICAL TERM |
| Topical term or geographic name entry element |
Land use--Environmental aspects |
| 9 (RLIN) |
7535 |
| 650 #0 - SUBJECT ADDED ENTRY--TOPICAL TERM |
| Topical term or geographic name entry element |
Land use--Planning |
| 9 (RLIN) |
7536 |
| 856 40 - ELECTRONIC LOCATION AND ACCESS |
| Materials specified |
Amazon.com |
| Uniform Resource Identifier |
<a href="http://www.amazon.com/exec/obidos/ASIN/1118123670/chopaconline-20">http://www.amazon.com/exec/obidos/ASIN/1118123670/chopaconline-20</a> |
| 942 ## - ADDED ENTRY ELEMENTS (KOHA) |
| Source of classification or shelving scheme |
|
| Koha item type |
Book |